| 000 | 00606nam a2200205Ia 4500 | ||
|---|---|---|---|
| 003 | GCL | ||
| 005 | 20240530105209.0 | ||
| 008 | 140319s9999 xx 000 0 ara d | ||
| 040 |
_aGCL / _cGCL |
||
| 082 | 0 | 4 |
_a955.06 _bم ث |
| 100 | 1 | _aموسى الموسوى | |
| 245 | 1 | 0 |
_aالثورة البائسة / _cموسى الموسوى |
| 260 |
_a[S.N] : _bلجنة الاعلام والدراسات المستقبلية |
||
| 300 | _a223 ص | ||
| 650 | 0 | 4 | _aايران |
| 650 | 0 | 4 | _aثورة الخمينى |
| 650 | 0 | 4 | _aالخمينى |
| 650 | 0 | 4 | _aالثورة الاسلامية |
| 942 |
_2ddc _cBK |
||
| 999 |
_c53854 _d53854 |
||